Wrestlers By Picture 38: 2020's Tag Teams - Statistics

General Stats
  • This quiz has been taken 69 times
  • The average score is 11 of 16
Answer Stats
Picture Answer % Correct
The New Day
95%
The Usos
92%
The War Raiders
83%
DIY
81%
Alpha Academy
78%
Awesome Truth
78%
Judgement Day
76%
Street Profits
73%
The Young Bucks
73%
FTR
66%
The Briscoe Brothers
63%
Motor City Machine Guns
58%
The Lucha Brothers
56%
The Tongans
51%
Jurassic Express
41%
Violent by Design
12%
No matching quizzes found
Score Distribution
Percent of People with Each Score
Percentile by Number Answered
Your Score History
You have not taken this quiz